000 00661nam a2200289Ia 4500
005 20260324144143.0
008 008 260324s9999 xx 000 0 eng d
020 _a9781003418122
037 _aEBOOK
040 _aCRL
040 _beng
040 _cCRL
041 _2eng
041 _aeng
084 _qCRL
100 _a0 Kane,
_91218287
245 0 _aDefect Prevention
245 0 _bUse of Simple Statistical Tools
260 _bTaylor and Francis
260 _c1989
365 _a
365 _b290
856 _uhttp://www.taylorfrancis.com/books/9781003418122
942 _cEBOOK
999 _c1824531
_d1824531